<?xml version="1.0" encoding="UTF-8"?>
<record
    xmlns:xsi="http://www.w3.org/2001/XMLSchema-instance"
    xsi:schemaLocation="http://www.loc.gov/MARC21/slim http://www.loc.gov/standards/marcxml/schema/MARC21slim.xsd"
    xmlns="http://www.loc.gov/MARC21/slim">

  <leader>00871nam a22002537a 4500</leader>
  <controlfield tag="001">3564</controlfield>
  <controlfield tag="003">FISKH</controlfield>
  <controlfield tag="005">20240322134444.0</controlfield>
  <controlfield tag="008">240320b        cb ||||| |||| 00| 0 eng d</controlfield>
  <datafield tag="020" ind1=" " ind2=" ">
    <subfield code="a">9789995064273</subfield>
  </datafield>
  <datafield tag="040" ind1=" " ind2=" ">
    <subfield code="a">FISKH</subfield>
    <subfield code="b">khr </subfield>
    <subfield code="c">FISKH</subfield>
    <subfield code="d">FISKH</subfield>
  </datafield>
  <datafield tag="050" ind1=" " ind2=" ">
    <subfield code="a">PZ7</subfield>
  </datafield>
  <datafield tag="082" ind1=" " ind2=" ">
    <subfield code="a">808.1</subfield>
  </datafield>
  <datafield tag="100" ind1=" " ind2=" ">
    <subfield code="a">Aou</subfield>
  </datafield>
  <datafield tag="245" ind1=" " ind2=" ">
    <subfield code="a">&#x1794;&#x178E;&#x17D2;&#x178F;&#x17B6;&#x17C6;&#x1780;&#x17D2;&#x179A;&#x1798;&#x1784;&#x17C9;&#x17BB;&#x1799; /</subfield>
    <subfield code="c">&#x1793;&#x17B7;&#x1796;&#x1793;&#x17D2;&#x1792;&#x178A;&#x17C4;&#x1799; &#x17A2;&#x17D2;&#x1793;&#x1780;&#x1796;&#x17D2;&#x179A;&#x17C7;&#x1797;&#x17B7;&#x179A;&#x1798;&#x17D2;&#x1799;&#x1797;&#x17B6;&#x179F;&#x17B6; &#x17A2;&#x17CA;&#x17BC; &#x17A0;&#x17C5; &#x1784;&#x17C9;&#x17BB;&#x1799;.</subfield>
  </datafield>
  <datafield tag="260" ind1=" " ind2=" ">
    <subfield code="a">&#x1797;&#x17D2;&#x1793;&#x17C6;&#x1796;&#x17C1;&#x1789; :</subfield>
    <subfield code="b">&#x179A;&#x17C4;&#x1784;&#x1796;&#x17BB;&#x1798;&#x17D2;&#x1796; &#x1796;&#x1793;&#x17D2;&#x179B;&#x17BA;&#x1781;&#x17D2;&#x1798;&#x17C2;&#x179A;,</subfield>
    <subfield code="c">2016.</subfield>
  </datafield>
  <datafield tag="300" ind1=" " ind2=" ">
    <subfield code="a">142 pages : </subfield>
    <subfield code="c">21cm </subfield>
  </datafield>
  <datafield tag="520" ind1=" " ind2=" ">
    <subfield code="a">&#x1780;&#x17C6;&#x1793;&#x17B6;&#x1796;&#x17D2;&#x1799;&#x1794;&#x1784;&#x17D2;&#x1780;&#x1794;&#x17CB;&#x1793;&#x17BC;&#x179C;&#x1782;&#x178F;&#x17B7;&#x17A2;&#x1794;&#x17CB;&#x179A;&#x17C6; </subfield>
  </datafield>
  <datafield tag="520" ind1=" " ind2=" ">
    <subfield code="a">Poems embody educational ideas.
</subfield>
  </datafield>
  <datafield tag="650" ind1=" " ind2=" ">
    <subfield code="a">&#x1780;&#x17C6;&#x178E;&#x17B6;&#x1796;&#x17D2;&#x1799;  </subfield>
  </datafield>
  <datafield tag="650" ind1=" " ind2=" ">
    <subfield code="a">Poems</subfield>
  </datafield>
  <datafield tag="942" ind1=" " ind2=" ">
    <subfield code="2">ddc</subfield>
    <subfield code="c">KHB</subfield>
    <subfield code="n">0</subfield>
  </datafield>
  <datafield tag="999" ind1=" " ind2=" ">
    <subfield code="c">3564</subfield>
    <subfield code="d">3564</subfield>
  </datafield>
  <datafield tag="952" ind1=" " ind2=" ">
    <subfield code="0">0</subfield>
    <subfield code="1">0</subfield>
    <subfield code="2">ddc</subfield>
    <subfield code="4">0</subfield>
    <subfield code="7">0</subfield>
    <subfield code="8">KHMERNF</subfield>
    <subfield code="a">001</subfield>
    <subfield code="b">001</subfield>
    <subfield code="c">OKHR</subfield>
    <subfield code="d">2024-03-20</subfield>
    <subfield code="l">1</subfield>
    <subfield code="o">AOU 808.1 PZ7</subfield>
    <subfield code="p">2024-0369</subfield>
    <subfield code="r">2026-04-01 09:21:33</subfield>
    <subfield code="s">2026-03-02</subfield>
    <subfield code="t">1</subfield>
    <subfield code="w">2024-03-20</subfield>
    <subfield code="y">KHB</subfield>
  </datafield>
  <datafield tag="952" ind1=" " ind2=" ">
    <subfield code="0">0</subfield>
    <subfield code="1">0</subfield>
    <subfield code="2">ddc</subfield>
    <subfield code="4">0</subfield>
    <subfield code="7">0</subfield>
    <subfield code="8">KHMERNF</subfield>
    <subfield code="a">001</subfield>
    <subfield code="b">001</subfield>
    <subfield code="c">OKHR</subfield>
    <subfield code="d">2024-03-26</subfield>
    <subfield code="l">1</subfield>
    <subfield code="o">AOU 808.1 PZ7</subfield>
    <subfield code="p">2024-0412</subfield>
    <subfield code="q">2026-02-18</subfield>
    <subfield code="r">2026-02-04 15:19:44</subfield>
    <subfield code="s">2026-02-04</subfield>
    <subfield code="t">2</subfield>
    <subfield code="w">2024-03-26</subfield>
    <subfield code="y">KHB</subfield>
  </datafield>
</record>
